शिव-नेत्र तथा अन्य श्रेष्ठ कहानियाँ/ (Record no. 12297)
[ view plain ]
| 000 -LEADER | |
|---|---|
| fixed length control field | 01325 a2200253 4500 |
| 005 - DATE AND TIME OF LATEST TRANSACTION | |
| control field | 20180907135641.0 |
| 008 - FIXED-LENGTH DATA ELEMENTS--GENERAL INFORMATION | |
| fixed length control field | 090305t xxu||||| |||| 00| 0 hin d |
| 010 ## - LCCN (DPL NO) | |
| LC control number | B-286579-586 |
| 020 ## - INTERNATIONAL STANDARD BOOK NUMBER | |
| International Standard Book Number | 9788190482288 |
| Terms of availability | 300.00 |
| 035 ## - SYSTEM CONTROL NUMBER | |
| System control number | B-317742 |
| 035 ## - SYSTEM CONTROL NUMBER | |
| System control number | B-286579-586, B-286583 |
| 037 ## - SOURCE OF ACQUISITION | |
| Source of stock number/acquisition | इंडिया डिजीटल पब्लिशर्स |
| 040 ## - CATALOGING SOURCE | |
| Original cataloging agency | dpl |
| Language of cataloging | hn |
| 082 ## - DEWEY DECIMAL CLASSIFICATION NUMBER | |
| Classification number | क |
| 100 ## - MAIN ENTRY--PERSONAL NAME | |
| Personal name | बाली, इन्दु |
| 245 ## - TITLE STATEMENT | |
| Title | शिव-नेत्र तथा अन्य श्रेष्ठ कहानियाँ/ |
| Statement of responsibility, etc | इन्दु बाली |
| 260 ## - PUBLICATION, DISTRIBUTION, ETC. (IMPRINT) | |
| Place of publication, distribution, etc | नई दिल्ली |
| Name of publisher, distributor, etc | इंडिया डिजीटल पब्लिशर्स |
| Date of publication, distribution, etc | 2008 |
| 270 ## - ADDRESS | |
| Address | रेयर पोर्शन, डब्ल्यू-116, ग्रेटर कैलाश, पार्ट-1 |
| City | नई दिल्ली |
| State or province | दिल्ली |
| Postal code | 110048 |
| 300 ## - PHYSICAL DESCRIPTION | |
| Extent | 223पृ |
| Dimensions | 22 सेमी (सजिल्द) |
| 650 ## - SUBJECT ADDED ENTRY--TOPICAL TERM | |
| Topical term or geographic name as entry element | हिन्दी कहानियाँ |
| 650 ## - SUBJECT ADDED ENTRY--TOPICAL TERM | |
| Topical term or geographic name as entry element | Hindi Stories |
| 942 ## - ADDED ENTRY ELEMENTS (KOHA) | |
| Institution code [OBSOLETE] | dpl |
| Item type | Hindi Books |
| Call number prefix | क / बालीइ |
| Source of classification or shelving scheme | Dewey Decimal Classification |
| Classification part | क |
| Call number suffix | बालीइ |
| Withdrawn status | Lost status | Source of classification or shelving scheme | Damaged status | Not for loan | Collection code | Home library | Current library | Date acquired | Source of acquisition | Cost, normal purchase price | Total Checkouts | Total Renewals | Full call number | Barcode | Date last seen | Copy number | Cost, replacement price | Koha item type | Public note |
|---|---|---|---|---|---|---|---|---|---|---|---|---|---|---|---|---|---|---|---|
| Dewey Decimal Classification | Fiction | Central Library | Central Library | 09/04/2009 | इंडिया डिजीटल पब्लि/01./8.9.08/223/4.9.08/16.9.08 | 300.00 | क बालीइ | B-286579 | 09/04/2009 | 1 | 300.00 | Hindi Books | |||||||
| Written off | Dewey Decimal Classification | Fiction | Karol Bagh | Karol Bagh | 09/04/2009 | इंडिया डिजीटल पब्लि/01./8.9.08/223/4.9.08/16.9.08 | 300.00 | क बालीइ | B-286585 | 09/04/2009 | 1 | 300.00 | Hindi Books | Written off on approval by DLB (By Circulation); dtd 20.12.2022 | |||||
| Dewey Decimal Classification | Fiction | Mobile Library | Mobile Library | 09/04/2009 | इंडिया डिजीटल पब्लि/01./8.9.08/223/4.9.08/16.9.08 | 300.00 | क बालीइ | B-286580 | 09/04/2009 | 2 | 300.00 | Hindi Books | |||||||
| Dewey Decimal Classification | Fiction | Mobile Library | Mobile Library | 09/04/2009 | इंडिया डिजीटल पब्लि/01./8.9.08/223/4.9.08/16.9.08 | 300.00 | क बालीइ | B-286581 | 09/04/2009 | 2 | 300.00 | Hindi Books | |||||||
| Dewey Decimal Classification | Fiction | New Police Line | New Police Line | 09/04/2009 | इंडिया डिजीटल पब्लि/01./8.9.08/223/4.9.08/16.9.08 | 300.00 | क बालीइ | B-286582 | 09/04/2009 | 1 | 300.00 | Hindi Books | |||||||
| Dewey Decimal Classification | Fiction | Patel Nagar | Patel Nagar | 09/04/2009 | इंडिया डिजीटल पब्लि/01./8.9.08/223/4.9.08/16.9.08 | 300.00 | 2 | क बालीइ | B-286583 | 10/02/2021 | 1 | 300.00 | Hindi Books | ||||||
| Withdrawn | Dewey Decimal Classification | Fiction | Sarojini Nagar | Sarojini Nagar | 09/04/2009 | इंडिया डिजीटल पब्लि/01./8.9.08/223/4.9.08/16.9.08 | 300.00 | 11 | 1 | क बालीइ | B-286584 | 28/06/2010 | 1 | 300.00 | Hindi Books | ||||
| Dewey Decimal Classification | Fiction | Shahdara Branch | Shahdara Branch | 09/04/2009 | इंडिया डिजीटल पब्लि/01./8.9.08/223/4.9.08/16.9.08 | 300.00 | 1 | क बालीइ | B-286586 | 13/07/2021 | 1 | 300.00 | Hindi Books | ||||||
| Dewey Decimal Classification | Fiction | Vinoba Puri | Vinoba Puri | 05/03/2009 | dbad / dup | 300.00 | 6 | 1 | क बालीइ | B-317742 | 14/03/2018 | 1 | 300.00 | Hindi Books |
